[Event "Scarborough op"]
[Site "Scarborough"]
[Date "2023.10.28"]
[Round "2"]
[White "Dasgupta, Avyukt"]
[Black "Gosling, Marcus"]
[Result "1-0"]
[WhiteElo "1977"]
[BlackElo "1916"]
[PlyCount "125"]
[EventDate "2023.10.27"]
[EventType "swiss"]
[EventRounds "5"]
[EventCountry "ENG"]
[SourceTitle "Mega2024 Update 01"]
[Source "Chessbase"]
[SourceDate "2023.11.12"]
[SourceVersion "1"]
[SourceVersionDate "2023.11.12"]
[SourceQuality "1"]

1. e4 Nf6 2. Nc3 d5 3. exd5 Nxd5 4. Bc4 e6 5. d4 Bb4 6. Nge2 0-0 7. 0-0 c6 8. Nxd5 exd5 9. Bd3 Bg4 10. f3 Bh5 11. Nf4 Bg6 12. Nxg6 hxg6 13. Bf4 Re8 14. c3 Bd6 15. Qd2 Qc7 16. Bxd6 Qxd6 17. Rae1 Nd7 18. g3 Nf6 19. Kg2 Rad8 20. Rf2 Rxe1 21. Qxe1 Re8 22. Re2 Rxe2+ 23. Qxe2 Kf8 24. Kf2 Qe7 25. Qe3 Qxe3+ 26. Kxe3 Ke7 27. h3 Ke6 28. h4 a5 29. b3 b5 30. g4 Ne8 31. c4 b4 32. c5 Nc7 33. Bf1 f6 34. Bd3 Kf7 35. f4 Ke6 36. Bxg6 Nb5 37. Kd3 Ke7 38. g5 Nc3 39. a4 Nd1 40. Ke2 Nc3+ 41. Kd2 fxg5 42. fxg5 Na2 43. h5 Nc3 44. h6 gxh6 45. gxh6 Kf8 46. h7 Kg7 47. Bc2 Kh8 48. Ke3 Kg7 49. Kd2 Na2 50. Bd3 Nc3 51. Kc2 Kh8 52. Kd2 Kg7 53. Bf5 Kh8 54. Bd7 Ne4+ 55. Ke3 Nf6 56. Bxc6 Kxh7 57. Kf4 Kg7 58. Ke5 Kf7 59. Bxd5+ Ke7 60. Be6 Ne8 61. d5 Kd8 62. d6 Ng7 63. c6 1-0

[Event "Daventry 4NCL op-A 30th"]
[Site "Daventry"]
[Date "2023.06.17"]
[Round "2"]
[White "Dasgupta, Avyukt"]
[Black "Jackson, Edward"]
[Result "0-1"]
[WhiteElo "1818"]
[BlackElo "1966"]
[PlyCount "139"]
[EventDate "2023.06.16"]
[EventType "swiss"]
[EventRounds "5"]
[EventCountry "ENG"]
[SourceTitle "CBM 214 Extra"]
[Source "ChessBase"]
[SourceDate "2023.07.31"]
[SourceVersion "1"]
[SourceVersionDate "2023.07.31"]
[SourceQuality "1"]

1. d4 d5 2. Nf3 Nf6 3. c3 e6 4. Bf4 c5 5. e3 Nc6 6. Nbd2 Bd6 7. Bxd6 Qxd6 8. Bb5 0-0 9. 0-0 b6 10. Qe2 Bb7 11. Bxc6 Bxc6 12. Ne5 Bb7 13. a4 a5 14. Rfd1 Rfd8 15. Ndf3 Ba6 16. Qc2 Ne4 17. Nd2 f6 18. Nec4 Qc6 19. Nxe4 dxe4 20. Na3 Bd3 21. Qb3 c4 22. Qb5 Qc7 23. Qh5 Rd5 24. Qh3 Qd7 25. Rd2 Rg5 26. f4 exf3 27. Qxf3 Re8 28. b3 Rf5 29. Qg3 Qc6 30. Nxc4 Bxc4 31. bxc4 Rg5 32. Qf2 Qxc4 33. Rc2 Rc8 34. e4 Qd3 35. Re1 Rxc3 36. Rd2 Qc4 37. h4 Rgg3 38. d5 Rgd3 39. Rxd3 Rxd3 40. Qxb6 Qd4+ 41. Qxd4 Rxd4 42. dxe6 Kf8 43. Rb1 Rxe4 44. Rb8+ Ke7 45. g3 Kxe6 46. Rb7 g6 47. Rxh7 Rxa4 48. Kg2 Kf5 49. Ra7 Kg4 50. Ra6 Ra2+ 51. Kf1 Ra3 52. Ke2 Rxg3 53. Rxf6 Kxh4 54. Ra6 Rg5 55. Kf3 Rf5+ 56. Ke4 Kg5 57. Ra8 Rf4+ 58. Ke3 Ra4 59. Kf3 Ra3+ 60. Kg2 Kg4 61. Ra6 Ra2+ 62. Kg1 g5 63. Rd6 Kg3 64. Rd3+ Kh4 65. Rd8 g4 66. Rd4 Kh3 67. Rd3+ g3 68. Rd1 a4 69. Kh1 a3 70. Rg1 0-1

[Event "ENG-ch Chessable"]
[Site "Kenilworth"]
[Date "2023.05.27"]
[Round "3"]
[White "Dasgupta, Avyukt"]
[Black "Vaidyanathan, Adithya"]
[Result "1-0"]
[WhiteElo "1788"]
[BlackElo "1478"]
[PlyCount "85"]
[EventDate "2023.05.26"]
[EventType "swiss"]
[EventRounds "7"]
[EventCountry "ENG"]
[SourceTitle "CBM 214 Extra"]
[Source "ChessBase"]
[SourceDate "2023.07.31"]
[SourceVersion "1"]
[SourceVersionDate "2023.07.31"]
[SourceQuality "1"]

1. b3 d5 2. Bb2 c5 3. e3 Nc6 4. Bb5 a6 5. Bxc6+ bxc6 6. Nf3 e6 7. d3 Nf6 8. Nbd2 Bd6 9. e4 Bc7 10. 0-0 0-0 11. Ba3 Nd7 12. Qe2 Ba5 13. c4 Bc3 14. Rac1 Qa5 15. Nb1 Bf6 16. d4 Be7 17. exd5 cxd5 18. cxd5 Nf6 19. dxe6 fxe6 20. Bxc5 Qd8 21. Nc3 Re8 22. Rfd1 Nd5 23. Qe4 Bxc5 24. dxc5 Bb7 25. Qd4 Qc7 26. Ne4 Nf4 27. Re1 Rf8 28. c6 Rac8 29. g3 Nh3+ 30. Kg2 Qf7 31. Ne5 Qh5 32. cxb7 Rcd8 33. Qxd8 Rxd8 34. Rc8 Qe8 35. Rec1 Nf4+ 36. gxf4 g5 37. Rxd8 Qxd8 38. Rc8 Qxc8 39. bxc8Q+ Kg7 40. Qxe6 gxf4 41. Qf6+ Kg8 42. Qf7+ Kh8 43. Qf8# 1-0

[Event "Reykjavik op"]
[Site "Reykjavik"]
[Date "2023.03.29"]
[Round "1"]
[White "Dasgupta, Avyukt"]
[Black "Yedid, Lior"]
[Result "1/2-1/2"]
[WhiteElo "1896"]
[BlackElo "1586"]
[PlyCount "78"]
[EventDate "2023.03.29"]
[EventType "swiss"]
[EventRounds "9"]
[EventCountry "ISL"]
[SourceTitle "CBM 213 Extra"]
[Source "ChessBase"]
[SourceDate "2023.05.31"]
[SourceVersion "1"]
[SourceVersionDate "2023.05.31"]
[SourceQuality "1"]

1. d4 Nf6 2. Bf4 g6 3. e3 Bg7 4. Nf3 0-0 5. Be2 d6 6. c4 Nbd7 7. Nc3 b6 8. a4 a5 9. 0-0 Bb7 10. Qc2 e6 11. h3 Qe7 12. Nd2 e5 13. Bg5 Rac8 14. f4 exf4 15. Bxf4 Rfe8 16. Rae1 Nf8 17. Bg5 h6 18. Bxf6 Bxf6 19. Bf3 Bxf3 20. Nxf3 Bg7 21. Qd2 Nd7 22. b3 c5 23. Nd5 Qe4 24. Qf2 f5 25. Qg3 g5 26. Qxd6 Rcd8 27. Nd2 Qe6 28. Qxe6+ Rxe6 29. dxc5 Nxc5 30. Rb1 Rf8 31. Nf3 Ne4 32. Rfd1 Nc3 33. Nxc3 Bxc3 34. Rd3 Bb4 35. Nd4 Re4 36. Kf2 Bc5 37. Kf3 h5 38. g4 Bxd4 39. Rxd4 Rxd4 1/2-1/2

[Event "World ol U16"]
[Site "Nakhchivan"]
[Date "2022.10.07"]
[Round "6.9"]
[White "Dasgupta, Avyukt"]
[Black "Kiladze, Luka"]
[Result "0-1"]
[WhiteElo "1741"]
[BlackElo "1894"]
[PlyCount "120"]
[EventDate "2022.10.02"]
[EventType "team-swiss"]
[EventRounds "9"]
[EventCountry "AZE"]
[SourceTitle "CBM 210 Extra"]
[Source "ChessBase"]
[SourceDate "2022.11.30"]
[SourceVersion "1"]
[SourceVersionDate "2022.11.30"]
[SourceQuality "1"]
[WhiteTeam "England"]
[BlackTeam "Georgia"]
[WhiteTeamCountry "ENG"]
[BlackTeamCountry "GEO"]

1. b4 Nf6 2. Bb2 e6 3. a3 b6 4. Nf3 Bb7 5. c4 c5 6. b5 Be7 7. e3 0-0 8. d3 d5 9. Nbd2 Nbd7 10. Be2 Qc7 11. d4 Rfd8 12. 0-0 cxd4 13. Nxd4 Nc5 14. Qc2 Rac8 15. Rac1 dxc4 16. Nxc4 Be4 17. Qc3 Nd5 18. Qe1 Nd3 19. Bxd3 Bxd3 20. Na5 Bc5 21. Nac6 Re8 22. a4 Bxf1 23. Qxf1 Bxd4 24. Bxd4 Ne7 25. Be5 Qd7 26. Rd1 Qb7 27. Nd4 f6 28. Bd6 e5 29. Nf3 Nf5 30. Bb4 Red8 31. Rb1 Qe4 32. Nd2 Qc2 33. Qe1 Rc4 34. Nxc4 Qxc4 35. Qc3 Qe4 36. Rc1 h6 37. g3 Kh7 38. Qc2 Qg4 39. Kg2 e4 40. h3 Qf3+ 41. Kh2 h5 42. Re1 h4 43. g4 Nh6 44. Qe2 Qxe2 45. Rxe2 Nf7 46. Rc2 Ne5 47. Rc1 Rd3 48. Bc3 Nf3+ 49. Kg2 Kg6 50. Bb4 Rb3 51. Rc4 f5 52. gxf5+ Kxf5 53. Bd6 Rb1 54. Bh2 g5 55. Rc7 Ne1+ 56. Kf1 g4 57. Rf7+ Ke6 58. Rf4 Nd3+ 59. Kg2 gxh3+ 60. Kxh3 Nxf4+ 0-1

[Event "ENG-ch U14"]
[Site "Torquay"]
[Date "2022.08.12"]
[Round "7"]
[White "Dasgupta, Avyukt"]
[Black "Hobson, Kenneth"]
[Result "1/2-1/2"]
[WhiteElo "1674"]
[BlackElo "1884"]
[PlyCount "118"]
[EventDate "2022.08.08"]
[EventType "swiss"]
[EventRounds "7"]
[EventCountry "ENG"]
[SourceTitle "EXT 2023"]
[Source "ChessBase"]
[SourceDate "2022.10.05"]
[SourceVersion "1"]
[SourceVersionDate "2022.10.05"]
[SourceQuality "1"]

1. d4 Nf6 2. c3 c5 3. Nf3 e6 4. Bf4 Qb6 5. Qb3 Qxb3 6. axb3 Nc6 7. e3 b6 8. Nbd2 Nh5 9. Bg3 Nxg3 10. hxg3 Bb7 11. Bd3 Be7 12. Ke2 cxd4 13. exd4 g6 14. Ba6 0-0-0 15. b4 d5 16. b5 Nb8 17. Bxb7+ Kxb7 18. Ne5 Rdf8 19. Ra4 f6 20. Nc6 a6 21. Nxe7 Re8 22. bxa6+ Ka7 23. Nxg6 hxg6 24. Rxh8 Rxh8 25. b4 b5 26. Ra5 Nc6 27. Rxb5 Kxa6 28. Rc5 Kb6 29. c4 Nxd4+ 30. Kd3 Nc6 31. Nb3 Ne5+ 32. Kc3 Nxc4 33. Nd4 e5 34. Rxd5 Rc8 35. Nf3 Nd6+ 36. Kb3 Ne4 37. Rd3 Nxf2 38. Re3 Ng4 39. Re4 f5 40. Rc4 Rd8 41. Rc3 e4 42. Ng1 Rd2 43. Rc2 Rd6 44. Rc3 Nf6 45. Ne2 Nd5 46. Rc5 Ne3 47. Nf4 g5 48. Nh3 Rg6 49. g4 Nxg4 50. Rxf5 e3 51. Rxg5 Rxg5 52. Nxg5 Ne5 53. Kc2 Kb5 54. Kd1 Kxb4 55. Ke2 Kc4 56. Kxe3 Kd5 57. Kf4 Ng6+ 58. Kg4 Ke5 59. Nh7 Nf4 1/2-1/2

[Event "ENG-ch U14"]
[Site "Torquay"]
[Date "2022.08.09"]
[Round "2"]
[White "Dasgupta, Avyukt"]
[Black "Hertog, Alexander"]
[Result "1-0"]
[WhiteElo "1674"]
[BlackElo "1533"]
[PlyCount "83"]
[EventDate "2022.08.08"]
[EventType "swiss"]
[EventRounds "7"]
[EventCountry "ENG"]
[SourceTitle "EXT 2023"]
[Source "ChessBase"]
[SourceDate "2022.10.05"]
[SourceVersion "1"]
[SourceVersionDate "2022.10.05"]
[SourceQuality "1"]

1. b4 Nf6 2. Bb2 g6 3. c4 d6 4. d4 Bg7 5. Nc3 d5 6. c5 c6 7. e3 Ne4 8. Nxe4 dxe4 9. Bc4 a5 10. Qb3 0-0 11. b5 cxb5 12. Bxb5 Be6 13. Qc2 f5 14. Ne2 Nc6 15. Bc4 Bxc4 16. Qxc4+ Kh8 17. Nf4 Qe8 18. Rc1 Rg8 19. Ne6 Nb4 20. Nxg7 Rxg7 21. Rd1 e6 22. d5 exd5 23. Bxg7+ Kxg7 24. Qd4+ Kg8 25. 0-0 Rd8 26. a3 Nd3 27. Rb1 Qc6 28. a4 Rd7 29. Rb5 Qc7 30. Rfb1 Nb4 31. g3 Qd8 32. Qe5 d4 33. c6 bxc6 34. Rb8 d3 35. Qe6+ Kg7 36. Rxd8 Rxd8 37. Qe7+ Kh6 38. Qxd8 Na2 39. Rd1 Nc3 40. Rxd3 exd3 41. Qxd3 Nxa4 42. Qa3 1-0

[Event "Robinson Cup"]
[Site "Cardiff"]
[Date "2022.07.21"]
[Round "6.2"]
[White "Ivanov, Andrey A2222"]
[Black "Dasgupta, Avyukt"]
[Result "0-1"]
[WhiteElo "1844"]
[BlackElo "1712"]
[PlyCount "52"]
[EventDate "2022.07.19"]
[EventType "team-tourn"]
[EventRounds "6"]
[EventCountry "WLS"]
[SourceTitle "CBM 210 Extra"]
[Source "ChessBase"]
[SourceDate "2022.11.30"]
[SourceVersion "1"]
[SourceVersionDate "2022.11.30"]
[SourceQuality "1"]
[WhiteTeam "Ireland"]
[BlackTeam "England"]
[WhiteTeamCountry "IRL"]
[BlackTeamCountry "ENG"]

1. e4 e6 2. d4 d5 3. e5 c5 4. c3 Qb6 5. a3 Bd7 6. b4 cxd4 7. cxd4 Bb5 8. Bxb5+ Qxb5 9. Nc3 Qc4 10. Nge2 Nd7 11. 0-0 Ne7 12. Bb2 a5 13. Rc1 Qa6 14. a4 Qb6 15. Ba3 axb4 16. Bxb4 Qxb4 17. Nb5 Nc6 18. Nc7+ Kd8 19. Nxa8 Qa5 20. Nc3 Bb4 21. Nb5 Qxa8 22. Qg4 g6 23. Ra1 Nb6 24. Kh1 Nc4 25. Rfd1 Ke7 26. Qh5 gxh5 0-1

[Event "ENG-ch Schools Final"]
[Site "Staffordshire"]
[Date "2022.07.01"]
[Round "5.4"]
[White "Dasgupta, Avyukt"]
[Black "Choong, Han Sen"]
[Result "1/2-1/2"]
[WhiteElo "1714"]
[BlackElo "1397"]
[PlyCount "132"]
[EventDate "2022.06.30"]
[EventType "swiss"]
[EventRounds "5"]
[EventCountry "ENG"]
[SourceTitle "EXT 2023"]
[Source "ChessBase"]
[SourceDate "2022.10.05"]
[SourceVersion "1"]
[SourceVersionDate "2022.10.05"]
[SourceQuality "1"]

1. d4 f5 2. Bf4 Nf6 3. e3 e6 4. Nf3 Be7 5. c4 0-0 6. Nc3 d6 7. Be2 Nc6 8. d5 Nb4 9. dxe6 Bxe6 10. Nd4 Bd7 11. Bf3 Rb8 12. a3 Nc6 13. Nxc6 bxc6 14. b4 Ne8 15. h3 g5 16. Bh2 Bf6 17. Qd3 Ng7 18. Rd1 Qe7 19. Ne2 h5 20. c5 d5 21. Bxc7 g4 22. Bxb8 Rxb8 23. Bxd5+ cxd5 24. Nf4 Bb5 25. Nxd5 Bxd3 26. Nxe7+ Bxe7 27. Rxd3 a5 28. Rd4 Ne6 29. Rc4 axb4 30. axb4 Bxc5 31. hxg4 Bxb4+ 32. Ke2 Bd6 33. Rhc1 hxg4 34. Rc6 Ba3 35. Ra1 Bb2 36. Rb1 Kf7 37. Rd1 Re8 38. Rd7+ Kf6 39. Rdd6 Be5 40. Rd3 Kg5 41. Rc2 Bb8 42. Rd7 f4 43. Rd5+ Kf6 44. Rc6 Re7 45. Rh5 Kg7 46. Rc4 f3+ 47. gxf3 Nf4+ 48. Rxf4 Bxf4 49. fxg4 Be5 50. Rf5 Kg6 51. Kf3 Bd6 52. Rd5 Re6 53. e4 Rf6+ 54. Ke2 Re6 55. f3 Kf6 56. Rf5+ Kg6 57. Kd3 Re5 58. Kc4 Rxf5 59. exf5+ Kf6 60. Kd5 Bf4 61. Ke4 Bh6 62. f4 Bf8 63. g5+ Kg7 64. Ke5 Bc5 65. g6 Be7 66. Ke4 Bf6 1/2-1/2